Normal view
MARC view
- Computer Fundamentals and programming in c
Entry Topical Term
001 - CONTROL NUMBER
- control field: 658
003 - CONTROL NUMBER IDENTIFIER
- control field: JO-AjAnu
005 - DATE AND TIME OF LATEST TRANSACTION
- control field: 20230606070419.0
008 - FIXED-LENGTH DATA ELEMENTS
- fixed length control field: 230606|| aca||aabn | a|a d
040 ## - CATALOGING SOURCE
- Original cataloging agency: JO-AjAnu
- Transcribing agency: JO-AjAnu
150 ## - HEADING--TOPICAL TERM
- Topical term or geographic name entry element: Computer Fundamentals and programming in c
670 ## - SOURCE DATA FOUND
- Source citation: Work cat.: (JO-AjAnu)347: GHOSH,Manas/Dey,pradip, author 657, Computer Fundamentals and programming in c